000 00517cam a2200145 4500500
005 20251012032457.0
041 _afre
042 _adc
100 1 0 _aVieuille, Marie-Françoise
_eauthor
245 0 0 _aBenito Pelegrín : Figurations de l’infini, l’âge baroque européen, Paris, éditions du Seuil, 2000.
260 _c2001.
500 _a73
786 0 _nSigila | 7 | 1 | 2001-06-20 | p. 188-191 | 1286-1715
856 4 1 _uhttps://shs.cairn.info/revue-sigila-2001-1-page-188?lang=fr&redirect-ssocas=7080
999 _c1547406
_d1547406